000 00276nam a22001097a 4500
082 _a100/CAR
100 _aDale,Carnegie
_982849
245 _aTHE Quick and Easy Way to EFFECTIVE Speaking
260 _aMumbai
_JJaico Publishing House
_c2024
650 _aPhilosophy
942 _cBK
999 _c67574
_d67574